000 00937nam a22001935i 4500
001 156832
003 ES-MaACL
005 20250815063235.0
008 040804s1826 fr |||| | fre d
040 _aCAM
_bspa
_cCAM
100 1 _aLacépède, Bernard Germain Etienne de la Ville sur Illon,
_cComte de,
_d1756-1825
_969351
245 1 0 _aHistoire générale, physique et civile de l'Europe
_b: depuis les dernières années du cinquième siècle jusque vers le milieu du dix-huitieme /
_cpar le comte de Lacépède.
260 _aParis :
_bCellot, Mame et Delaunay-Vallée éditeurs,
_c1826 (
_fImprimerie de Lachevardiere fils)
300 _a18 cm ;
_c20 cm.
596 _aEl ed. del t.V al XVIII es "Mame et Delaunay-Vallée éditeurs" y imp. de los t.VII al XVIII es "Imprimerie de Cosson"
651 _aEuropa-
_xHistoria.
_98599
852 _aES-MaACL
_jC-3820-3837
_z-- Enc. pasta española
999 _c156832
_d156832